| 000 -LEADER |
| fixed length control field |
06065 a2200673 4500 |
| 003 - CONTROL NUMBER IDENTIFIER |
| control field |
Nust |
| 005 - DATE AND TIME OF LATEST TRANSACTION |
| control field |
20170207165829.0 |
| 020 ## - INTERNATIONAL STANDARD BOOK NUMBER |
| International Standard Book Number |
9780470526712 |
| 020 ## - INTERNATIONAL STANDARD BOOK NUMBER |
| International Standard Book Number |
9780470526712 (electronic bk.) |
| 035 ## - SYSTEM CONTROL NUMBER |
| System control number |
(AU-PeEL)EBL448869 |
| 035 ## - SYSTEM CONTROL NUMBER |
| System control number |
(EBZ)ebs944524e |
| 035 ## - SYSTEM CONTROL NUMBER |
| System control number |
(EBZ)ebs944524e |
| 035 ## - SYSTEM CONTROL NUMBER |
| System control number |
(EBZ)ebs944524e |
| 035 ## - SYSTEM CONTROL NUMBER |
| System control number |
(EBZ)ebs944524e |
| 035 ## - SYSTEM CONTROL NUMBER |
| System control number |
(WaSeSS)ssj0000274360 |
| 035 ## - SYSTEM CONTROL NUMBER |
| System control number |
(WaSeSS)ssj0000274360 |
| 035 ## - SYSTEM CONTROL NUMBER |
| System control number |
(WaSeSS)ssj0000274360 |
| 035 ## - SYSTEM CONTROL NUMBER |
| System control number |
(WaSeSS)ssj0000274360 |
| 035 ## - SYSTEM CONTROL NUMBER |
| System control number |
(WaSeSS)ssj0000274360 |
| 035 ## - SYSTEM CONTROL NUMBER |
| System control number |
(WaSeSS)ssj0000274360 |
| 035 ## - SYSTEM CONTROL NUMBER |
| System control number |
(WaSeSS)ssj0000274360 |
| 035 ## - SYSTEM CONTROL NUMBER |
| System control number |
EBL448869 |
| 040 ## - CATALOGING SOURCE |
| Transcribing agency |
Nust |
| 082 00 - DEWEY DECIMAL CLASSIFICATION NUMBER |
| Classification number |
371.3344678 |
| 100 1# - MAIN ENTRY--PERSONAL NAME |
| Personal name |
Bonk, Curtis Jay |
| 245 14 - TITLE STATEMENT |
| Title |
The world is open (E-Book) |
| Medium |
[Elektronisk resurs] : |
| Remainder of title |
how Web technology is revolutionizing education / |
| Statement of responsibility, etc. |
Curtis J. Bonk |
| 260 ## - PUBLICATION, DISTRIBUTION, ETC. |
| Place of publication, distribution, etc. |
San Francisco, CA : |
| Name of publisher, distributor, etc. |
Jossey-Bass, |
| Date of publication, distribution, etc. |
cop. 2009 |
| 300 ## - PHYSICAL DESCRIPTION |
| Extent |
483 p. |
| 505 0# - FORMATTED CONTENTS NOTE |
| Formatted contents note |
Chapter 7: Making a Contribution: Opener #6: Learner Participation in Open Information CommunitiesChapter 8: Collaborate or Die!: Opener #7: Electronic Collaboration and Interaction; Chapter 9: Who Are You?: Opener #8: Alternative Reality Learning; Chapter 10: U-Learning?: Opener #9: Real-Time Mobility and Portability; Chapter 11: Learning at Your Service: Opener #10: Networks of Personalized Learning; Chapter 12: The Tre |
| 505 0# - FORMATTED CONTENTS NOTE |
| Formatted contents note |
The World Is Open: How Web Technology Is Revolutionizing Education; Contents; Introduction to the Open Learning World; Chapter 1: We All Learn; Chapter 2: To Search and to Scan: Opener #1: Web Searching in the World of E-Books; Chapter 3: E-Demand Around the Globe: Opener #2: E-Learning and Blended Learning; Chapter 4: It's a Free Software World After All: Opener #3: Availability of Open Source and Free Software; Chapter 5: MIT in Every Home: Opener #4: Leveraged Resources and OpenCourseWare; Chapter 6: Portals for the People: Opener #5: Learning Object Repositories and Portals |
| 520 ## - SUMMARY, ETC. |
| Summary, etc. |
Praise for The World Is Open. "In this epic effort, Dr. Bonk takes the technologies, the concepts, the future and even the past of distance education and synthesizes it into a comprehensible landscape. He gives us a window from which we can see it all. Masterful!" -Glenn R. Jones, chancellor, Jones International University. "Network technology has proven to be a great social leveler and on-ramp to learning for all of the world's citizens. As technology continues to mature |
| 538 ## - SYSTEM DETAILS NOTE |
| System details note |
Mode of access: World Wide Web. |
| 650 #7 - SUBJECT ADDED ENTRY--TOPICAL TERM |
| Topical term or geographic name entry element |
Educational technology |
| 650 #7 - SUBJECT ADDED ENTRY--TOPICAL TERM |
| Topical term or geographic name entry element |
Internet in education |
| 650 #7 - SUBJECT ADDED ENTRY--TOPICAL TERM |
| Topical term or geographic name entry element |
Internet in education. |
| 650 #7 - SUBJECT ADDED ENTRY--TOPICAL TERM |
| Topical term or geographic name entry element |
Utbildning via Internet |
| 650 #7 - SUBJECT ADDED ENTRY--TOPICAL TERM |
| Topical term or geographic name entry element |
Utbildningsteknologi |
| 655 #7 - INDEX TERM--GENRE/FORM |
| Genre/form data or focus term |
Electronic books. |
| 710 2# - ADDED ENTRY--CORPORATE NAME |
| Corporate name or jurisdiction name as entry element |
Ebooks Corporation. |
| 856 40 - ELECTRONIC LOCATION AND ACCESS |
| Uniform Resource Identifier |
<a href="http://costello.pub.hb.se/login?url=http://site.ebrary.com/lib/boras/Top?id=10315636">http://costello.pub.hb.se/login?url=http://site.ebrary.com/lib/boras/Top?id=10315636</a> |
| 856 40 - ELECTRONIC LOCATION AND ACCESS |
| Uniform Resource Identifier |
<a href="http://db.ub.oru.se/login?url=http://site.ebrary.com/lib/universitetsbiblioteket/Top?id=10315636">http://db.ub.oru.se/login?url=http://site.ebrary.com/lib/universitetsbiblioteket/Top?id=10315636</a> |
| 856 40 - ELECTRONIC LOCATION AND ACCESS |
| Uniform Resource Identifier |
<a href="http://ezproxy.bib.hh.se/login?url=http://site.ebrary.com/lib/halmstad/Top?id=10315636">http://ezproxy.bib.hh.se/login?url=http://site.ebrary.com/lib/halmstad/Top?id=10315636</a> |
| 856 40 - ELECTRONIC LOCATION AND ACCESS |
| Uniform Resource Identifier |
<a href="http://ezproxy.its.uu.se/login?url=http://site.ebrary.com/lib/uppsala/Top?id=10315636">http://ezproxy.its.uu.se/login?url=http://site.ebrary.com/lib/uppsala/Top?id=10315636</a> |
| 856 40 - ELECTRONIC LOCATION AND ACCESS |
| Uniform Resource Identifier |
<a href="http://ezproxy.ub.gu.se/login?url=http://www.GU.eblib.com/EBLWeb/patron?target=patron&extendedid=P_448869_0&">http://ezproxy.ub.gu.se/login?url=http://www.GU.eblib.com/EBLWeb/patron?target=patron&extendedid=P_448869_0&</a> |
| 856 40 - ELECTRONIC LOCATION AND ACCESS |
| Uniform Resource Identifier |
<a href="http://link.sub.su.se/sfxsub?url_ver=Z39.88-2004&ctx_ver=Z39.88-2004&ctx_enc=info:ofi/enc:UTF-8&rfr_id=info:sid/sfxit.com:opac_856&url_ctx_fmt=info:ofi/fmt:kev:mtx:ctx&sfx.ignore_date_threshold=1&rft.object_id=1000000000773837&svc_val_fmt=info:ofi/fmt:kev:mtx:sch_svc&">http://link.sub.su.se/sfxsub?url_ver=Z39.88-2004&ctx_ver=Z39.88-2004&ctx_enc=info:ofi/enc:UTF-8&rfr_id=info:sid/sfxit.com:opac_856&url_ctx_fmt=info:ofi/fmt:kev:mtx:ctx&sfx.ignore_date_threshold=1&rft.object_id=1000000000773837&svc_val_fmt=info:ofi/fmt:kev:mtx:sch_svc&</a> |
| 856 40 - ELECTRONIC LOCATION AND ACCESS |
| Uniform Resource Identifier |
<a href="http://miman.bib.bth.se/login?url=http://site.ebrary.com/lib/bthbib/Top?id=10315636">http://miman.bib.bth.se/login?url=http://site.ebrary.com/lib/bthbib/Top?id=10315636</a> |
| 856 40 - ELECTRONIC LOCATION AND ACCESS |
| Uniform Resource Identifier |
<a href="http://proxy.lib.chalmers.se/login?url=http://site.ebrary.com/lib/chalmers/Top?id=10315636">http://proxy.lib.chalmers.se/login?url=http://site.ebrary.com/lib/chalmers/Top?id=10315636</a> |
| 856 40 - ELECTRONIC LOCATION AND ACCESS |
| Uniform Resource Identifier |
<a href="http://proxy.lib.ltu.se/login?url=http://site.ebrary.com/lib/lulea/Top?channelName=lulea&cpage=1&docID=10315636">http://proxy.lib.ltu.se/login?url=http://site.ebrary.com/lib/lulea/Top?channelName=lulea&cpage=1&docID=10315636</a> |
| 856 40 - ELECTRONIC LOCATION AND ACCESS |
| Uniform Resource Identifier |
<a href="http://proxy.lib.ltu.se/login?url=http://www.dawsonera.com/depp/reader/protected/external/AbstractView/S9780470526712">http://proxy.lib.ltu.se/login?url=http://www.dawsonera.com/depp/reader/protected/external/AbstractView/S9780470526712</a> |
| 856 40 - ELECTRONIC LOCATION AND ACCESS |
| Uniform Resource Identifier |
<a href="http://sfxeu10.hosted.exlibrisgroup.com/sfxkth?url_ver=Z39.88-2004&ctx_ver=Z39.88-2004&ctx_enc=info:ofi/enc:UTF-8&rfr_id=info:sid/sfxit.com:opac_856&url_ctx_fmt=info:ofi/fmt:kev:mtx:ctx&sfx.ignore_date_threshold=1&rft.object_id=1000000000773837&svc_val_fmt=info:ofi/fmt:kev:mtx:sch_svc&">http://sfxeu10.hosted.exlibrisgroup.com/sfxkth?url_ver=Z39.88-2004&ctx_ver=Z39.88-2004&ctx_enc=info:ofi/enc:UTF-8&rfr_id=info:sid/sfxit.com:opac_856&url_ctx_fmt=info:ofi/fmt:kev:mtx:ctx&sfx.ignore_date_threshold=1&rft.object_id=1000000000773837&svc_val_fmt=info:ofi/fmt:kev:mtx:sch_svc&</a> |
| 856 40 - ELECTRONIC LOCATION AND ACCESS |
| Uniform Resource Identifier |
<a href="http://sfxeu11.hosted.exlibrisgroup.com/mah?url_ver=Z39.88-2004&ctx_ver=Z39.88-2004&ctx_enc=info:ofi/enc:UTF-8&rfr_id=info:sid/sfxit.com:opac_856&url_ctx_fmt=info:ofi/fmt:kev:mtx:ctx&sfx.ignore_date_threshold=1&rft.object_id=1000000000773837&svc_val_fmt=info:ofi/fmt:kev:mtx:sch_svc&">http://sfxeu11.hosted.exlibrisgroup.com/mah?url_ver=Z39.88-2004&ctx_ver=Z39.88-2004&ctx_enc=info:ofi/enc:UTF-8&rfr_id=info:sid/sfxit.com:opac_856&url_ctx_fmt=info:ofi/fmt:kev:mtx:ctx&sfx.ignore_date_threshold=1&rft.object_id=1000000000773837&svc_val_fmt=info:ofi/fmt:kev:mtx:sch_svc&</a> |
| 856 40 - ELECTRONIC LOCATION AND ACCESS |
| Uniform Resource Identifier |
<a href="http://sfxeu11.hosted.exlibrisgroup.com/sfxkib?url_ver=Z39.88-2004&ctx_ver=Z39.88-2004&ctx_enc=info:ofi/enc:UTF-8&rfr_id=info:sid/sfxit.com:opac_856&url_ctx_fmt=info:ofi/fmt:kev:mtx:ctx&sfx.ignore_date_threshold=1&rft.object_id=1000000000773837&svc_val_fmt=info:ofi/fmt:kev:mtx:sch_svc&">http://sfxeu11.hosted.exlibrisgroup.com/sfxkib?url_ver=Z39.88-2004&ctx_ver=Z39.88-2004&ctx_enc=info:ofi/enc:UTF-8&rfr_id=info:sid/sfxit.com:opac_856&url_ctx_fmt=info:ofi/fmt:kev:mtx:ctx&sfx.ignore_date_threshold=1&rft.object_id=1000000000773837&svc_val_fmt=info:ofi/fmt:kev:mtx:sch_svc&</a> |
| 856 40 - ELECTRONIC LOCATION AND ACCESS |
| Uniform Resource Identifier |
<a href="http://sfxeu11.hosted.exlibrisgroup.com/sfxslub?url_ver=Z39.88-2004&ctx_ver=Z39.88-2004&ctx_enc=info:ofi/enc:UTF-8&rfr_id=info:sid/sfxit.com:opac_856&url_ctx_fmt=info:ofi/fmt:kev:mtx:ctx&sfx.ignore_date_threshold=1&rft.object_id=1000000000773837&svc_val_fmt=info:ofi/fmt:kev:mtx:sch_svc&">http://sfxeu11.hosted.exlibrisgroup.com/sfxslub?url_ver=Z39.88-2004&ctx_ver=Z39.88-2004&ctx_enc=info:ofi/enc:UTF-8&rfr_id=info:sid/sfxit.com:opac_856&url_ctx_fmt=info:ofi/fmt:kev:mtx:ctx&sfx.ignore_date_threshold=1&rft.object_id=1000000000773837&svc_val_fmt=info:ofi/fmt:kev:mtx:sch_svc&</a> |
| 856 40 - ELECTRONIC LOCATION AND ACCESS |
| Uniform Resource Identifier |
<a href="http://sfxeu11.hosted.exlibrisgroup.com/sfxumub?url_ver=Z39.88-2004&ctx_ver=Z39.88-2004&ctx_enc=info:ofi/enc:UTF-8&rfr_id=info:sid/sfxit.com:opac_856&url_ctx_fmt=info:ofi/fmt:kev:mtx:ctx&sfx.ignore_date_threshold=1&rft.object_id=1000000000773837&svc_val_fmt=info:ofi/fmt:kev:mtx:sch_svc&">http://sfxeu11.hosted.exlibrisgroup.com/sfxumub?url_ver=Z39.88-2004&ctx_ver=Z39.88-2004&ctx_enc=info:ofi/enc:UTF-8&rfr_id=info:sid/sfxit.com:opac_856&url_ctx_fmt=info:ofi/fmt:kev:mtx:ctx&sfx.ignore_date_threshold=1&rft.object_id=1000000000773837&svc_val_fmt=info:ofi/fmt:kev:mtx:sch_svc&</a> |
| 856 40 - ELECTRONIC LOCATION AND ACCESS |
| Uniform Resource Identifier |
<a href="http://site.ebrary.com/lib/prvbib/Top?channelName=prvbib&cpage=1&docID=10315636">http://site.ebrary.com/lib/prvbib/Top?channelName=prvbib&cpage=1&docID=10315636</a> |
| 856 40 - ELECTRONIC LOCATION AND ACCESS |
| Uniform Resource Identifier |
<a href="http://www.du.se/proxy.aspx?url=http://site.ebrary.com/lib/dalarna/Top?id=10315636">http://www.du.se/proxy.aspx?url=http://site.ebrary.com/lib/dalarna/Top?id=10315636</a> |
| 856 40 - ELECTRONIC LOCATION AND ACCESS |
| Uniform Resource Identifier |
<a href="https://login.bibproxy.kau.se:8443/login?url=http://site.ebrary.com/lib/kaubib/Top?channelName=kaubib&cpage=1&docID=10315636">https://login.bibproxy.kau.se:8443/login?url=http://site.ebrary.com/lib/kaubib/Top?channelName=kaubib&cpage=1&docID=10315636</a> |
| 856 40 - ELECTRONIC LOCATION AND ACCESS |
| Uniform Resource Identifier |
<a href="https://login.e.bibl.liu.se/login?url=http://site.ebrary.com/lib/linkoping/Top?channelName=linkoping&cpage=1&docID=10315636">https://login.e.bibl.liu.se/login?url=http://site.ebrary.com/lib/linkoping/Top?channelName=linkoping&cpage=1&docID=10315636</a> |
| 942 ## - ADDED ENTRY ELEMENTS (KOHA) |
| Source of classification or shelving scheme |
|
| Koha item type |
Book |